|
|
|
|
| LEADER |
00000cam a2200000 7i4500 |
| 001 |
0000003171 |
| 002 |
000003427 |
| 005 |
20000330.0 |
| 020 |
|
|
|a 9679910032
|
| 090 |
0 |
0 |
|a 338.95953
|b SOC
|
| 245 |
0 |
0 |
|a Socio-cultural dimension of development planning
|c edited by Mohd. Yaakub Hj. Johari
|
| 260 |
|
|
|a Sabah :
|b Institute for development studies ,
|c 1989
|
| 300 |
|
|
|a 240p. ;
|c 25cm.
|
| 490 |
0 |
|
|a Proceedings of a seminar held at Kundasang,RanauSabah (March 30th April 1987)
|
| 650 |
0 |
0 |
|a Development economics
|z Malaysia
|x Social aspects
|x Congresses
|
| 651 |
|
0 |
|a Malaysia
|x Economic conditions
|
| 700 |
0 |
|
|a Mohd. Yaakub Haji.Johari
|
| 999 |
|
|
|a 036763
|b BUKU
|c MALAYSIANA
|e PERPUSTAKAAN KOMUNITI PETALING JAYA
|
| 999 |
|
|
|a 036764
|b BUKU
|c PINJAMAN
|e PERPUSTAKAAN KOMUNITI PETALING JAYA
|